000 00432nam a2200157Ia 4500
008 230312s9999||||xx |||||||||||||| ||und||
020 _a81-7381-624-6
082 _a621.317
_bDAT-D
100 _aDatta;N.K
245 0 _aDigital Electronics and Microprocessors
260 _bNew central BOOK Agency
_aIndia
_c2010
300 _a1304
546 _aEng.
650 _aEngineering
_vDigital Electronics and Microprocessors
942 _cBK
999 _c8603
_d8603